Fictional Characters - Statistics

General Stats
  • This quiz has been taken 96 times
  • The average score is 38 of 58
Answer Stats
Picture Answer % Correct
Bambi
99%
Batman
99%
Joker
99%
Mickey
99%
Shrek
99%
Spiderman
99%
Spongebob
99%
Dora
98%
Patrick
95%
Iron Man
94%
Minnie
94%
Simba
93%
Cinderella
91%
Donald Duck
91%
Goofy
90%
Fiona
89%
Snow White
86%
Squidward
86%
Donkey
85%
Scar
85%
Mulan
83%
Pocahontas
83%
Ariel
81%
Mufasa
80%
Forrest Gump
79%
Robin Hood
78%
Mike
76%
Rapunzel
76%
Sully
71%
Maverick
68%
Daisy Duck
66%
Nala
66%
Aurora
65%
Tiana
61%
Boots
59%
Anger
56%
Rose
56%
Sadness
56%
Diego
55%
Lightning McQueen
55%
Fear
53%
Joy
51%
Disgust
49%
Goku
48%
Naruto
43%
Mater
39%
Baymax
38%
Riley
34%
Jenny
29%
Bing Bong
28%
Jack Dawson
25%
Luffy
25%
Sakura
24%
Hiro
21%
Lieutenant Dan
18%
Todoroki
14%
Hisoka
13%
Portgas D. Ace
5%
No matching quizzes found
Score Distribution
Percent of People with Each Score
Percentile by Number Answered
Your Score History
You have not taken this quiz